000
00231nam a2200109 4500
082
_a
GRE
100
_a
Green, DC
245
_a
Digital Electrical Technology
260
_a
New York:
_b
Longman,
_c
1993.
300
_a
765p. ;
942
_c
BK
999
_c
9534
_d
9534